000 00631nam a2200217Ia 4500
005 20241129104251.0
008 241129s9999||||xx |||||||||||||| ||und||
020 _a9781009318860
037 _aTextual
040 _aRTL
_beng
_cRTL
041 _aeng
_2eng
084 _aY:5.2r R3
_qRTL
100 _aJames K.S.; Sekhar T.V.
_9725510
245 0 _aIndia Population Report
_cJames K.S.; Sekhar T.V.
260 _aNew York
_bCambridge University Press
_c2023
300 _axxviii,572p.
365 _aINR
_bRs.1695.00
650 _aIndia-Population
_9725511
942 _cTB
_hY:5.2r R3
999 _c1225142
_d1225142